000 00560nam a2200205 a 4500
001 19495
003 CO-ViMGA
008 141112s2004 ck r 000 u spa d
020 _a9586693392
040 _aCO-ViMGA
_bspa
_cCO-ViMGA
082 0 4 _a796 J834
100 1 _aFazzi, Jose Luis (et al)
_928123
245 1 0 _aJuegos y denámica grupales
260 _aBogotá :
_bPaulinas; 2002
300 _a95 p.
590 _aForma de adquisición : Premio Mincultura
650 1 4 _aDINAMICA DE GRUPOS
_922562
650 1 4 _aJUEGOS DIRIGIDOS
_928124
942 _2ddc
_cBK
999 _c28636
_d28636